书目信息 |
| 题名: |
劳动者维权手册
|
|
| 作者: | ;劳动和社会保障部 组织编写 | |
| 分册: | ||
| 出版信息: | 北京 中国劳动社会保障出版社 2003 |
|
| 页数: | 10,125页 | |
| 开本: | 19cm | |
| 丛书名: | ||
| 单 册: | ||
| 中图分类: | D922.504-62 | |
| 科图分类: | ||
| 主题词: | 劳动法--基本知识--中国 , 劳动法 | |
| 电子资源: | ||
| ISBN: | 7-5045-4143-5 | |
| 000 | 00898nam0 2200253 450 | |
| 001 | 002477851 | |
| 005 | 20090608104925.51 | |
| 009 | 002477851 | |
| 010 | @a7-5045-4143-5@dCNY6.00 | |
| 100 | @a20031017d2003 em y0chiy0110 ea | |
| 101 | 0 | @achi |
| 102 | @aCN@b110000 | |
| 105 | @aa nzg 000yy | |
| 200 | 1 | @a劳动者维权手册@Alao dong zhe wei quan shou ce@f劳动和社会保障部法制司组织编写 |
| 210 | @a北京@c中国劳动社会保障出版社@d2003 | |
| 215 | @a10,125页@c插图@d19cm | |
| 330 | @a本书内容涉及就业与再就业、劳动合同、工资、休息休假、社会保险及法律救济等方面。书中回答了劳动者最常遇到的劳动保障法律政策问题,每个问题下均设有一个警示。 | |
| 606 | 0 | @a劳动法@x基本知识@y中国 |
| 606 | 0 | @a劳动法 |
| 690 | @aD922.504-62@v4 | |
| 711 | 02 | @a劳动和社会保障部@Alao dong he she hui bao zhang bu@b法制司@4组织编写 |
| 801 | 0 | @aCN@bNLC@c20090608 |
| 905 | @aBZT@dD922.504-62@e3 | |
| 906 | @dCNY6.00@n0@r1 | |
| 劳动者维权手册/劳动和社会保障部法制司组织编写.-北京:中国劳动社会保障出版社,2003 |
| 10,125页:插图;19cm |
| ISBN 7-5045-4143-5:CNY6.00 |
| 本书内容涉及就业与再就业、劳动合同、工资、休息休假、社会保险及法律救济等方面。书中回答了劳动者最常遇到的劳动保障法律政策问题,每个问题下均设有一个警示。 |
| ● |
| 相关链接 |
|
|
|
正题名:劳动者维权手册
索取号:D922.504-62/3
 
预约/预借
| 序号 | 登录号 | 条形码 | 馆藏地/架位号 | 状态 | 备注 |
| 1 | 391356 | 210201547 | 中心书库南/013架B面1层3列/ [索取号:D922.504-62/3] | 在馆 | |
| 2 | 391357 | 210201538 | 中心书库南/013架B面1层3列/ [索取号:D922.504-62/3] | 在馆 | |
| 3 | 391358 | 210201565 | 中心书库南/013架B面1层3列/ [索取号:D922.504-62/3] | 在馆 | |
| 4 | 391359 | 210201583 | 中心书库南/013架B面1层3列/ [索取号:D922.504-62/3] | 在馆 | |
| 5 | 391360 | 210201556 | 中心书库南/013架B面1层3列/ [索取号:D922.504-62/3] | 在馆 | |
| 6 | 391361 | 210201574 | 中心书库南/013架B面1层3列/ [索取号:D922.504-62/3] | 在馆 | |
| 7 | 391362 | 210201627 | 中心书库南/013架B面1层3列/ [索取号:D922.504-62/3] | 在馆 | |
| 8 | 391363 | 210201609 | 中心书库南/013架B面1层3列/ [索取号:D922.504-62/3] | 在馆 | |
| 9 | 391364 | 210201592 | 中心书库南/013架B面1层3列/ [索取号:D922.504-62/3] | 在馆 | |
| 10 | 391365 | 210201618 | 中心书库南/013架B面1层3列/ [索取号:D922.504-62/3] | 在馆 |